Statistiques concernant Quelle ville en Allemagne?

Cliquez ici pour prendre le quiz!

Statistiques générales

  • Ce quiz a été pris 6 238 fois
  • Le résultat moyen est 11 sur 20

Statistiques - réponses

descriptionville% Correct
Capitale de l'AllemagneBerlin
100%
Capitale de la BavièreMunich
91%
Site des rassemblements et des tribunaux nazisNuremberg
80%
Capital financier de l'AllemagneFrancfort
78%
La cathédrale de cette ville était le plus haut bâtiment du monde de 1880 à 1884Cologne
77%
Cette «ville libre et hanséatique» est la plus peuplée de l'ElbeHambourg
75%
Capitale de l'Allemagne de l'Ouest, 1949-1990Bonn
70%
Siège social de Porsche et MercedesStuttgart
68%
La deuxième lettre de cette ville est üDüsseldorf
64%
Ville la plus occidentale en Allemagne et résidence de CharlemagneAix-la-Chapelle
59%
Bombardé par les États-Unis et le Royaume-Uni, controversé, en 1945Dresde
55%
La maison royale de cette ville a gouverné la Grande-Bretagne de 1714-1901Hanovre
45%
JS Bach est mort dans cette villeLeipzig
39%
Neuvième plus grande ville d'Allemagne; siège social de KruppEssen
35%
La plus grande ville allemande sur la mer BaltiqueKiel
35%
Les "Important 3" dirigeants alliés se sont réunis ici en août 1945Potsdam
32%
Accueil de la plus ancienne université d'AllemagneHeidelberg
23%
Carl Benz a inventé l'automobile en travaillant dans cette ville
à l'intersection du Rhin et du Neckar
Mannheim
22%
Cette ville a donné son nom à l'état dans l'est de l'AllemagneBrandebourg
20%
Cette ville n'existe pas réellementBielefeld
14%

Distribution des résultats

Percentile par nombre de réponses

% des personnes avec chaque résultat

Votre développement - résultats

Vous n’avez pas pris ce quiz